Sports Quiz

Random Sports or Soccer Quiz

Euro 2012 English Squad Quiz Stats

 Plays Quiz Updated Jun 2, 2012

Challenge
Share
Tweet
Embed
Score 0/23 Timer 04:00
6 Plays Today
Position Player % Correct
ForwardWayne Rooney
94.8%
GoalkeeperJoe Hart
90.5%
DefenderJohn Terry
88.3%
MidfielderSteven Gerrard
84.6%
DefenderAshley Cole
81.3%
GoalkeeperRob Green
70%
Midfielder Theo Walcott
69.6%
ForwardDanny Welbeck
68.2%
ForwardJermain Defoe
68%
DefenderPhil Jones
66.4%
DefenderGlen Johnson
65.5%
DefenderLeighton Baines
65%
Position Player % Correct
ForwardAndy Carroll
62.2%
DefenderJoleon Lescott
61.8%
DefenderPhil Jagielka
60.3%
MidfielderJames Milner
59.9%
MidfielderJordan Henderson
59.6%
MidfielderAlex Oxlade-Chamberlain
53.7%
MidfielderAshley Young
51.8%
MidfielderScott Parker
49.3%
MidfielderStewart Downing
43.9%
GoalkeeperJack Butland
38.6%
DefenderMartin Kelly
34.4%

You're not logged in!

Compare scores with friends on all Sporcle quizzes.
OR
Log In

You Might Also Like...

Show Comments

Extras

Top Quizzes Today


Score Distribution

Your Account Isn't Verified!

In order to create a playlist on Sporcle, you need to verify the email address you used during registration. Go to your Sporcle Settings to finish the process.

Report this User

Report this user for behavior that violates our Community Guidelines.

Details: